| 000 | 00401nam a2200181Ia 4500 | ||
|---|---|---|---|
| 005 | 20240921120643.0 | ||
| 008 | 240921s9999||||xx |||||||||||||| ||und|| | ||
| 041 | _aENGLISH | ||
| 082 | _A539 M9 | ||
| 100 | _aTheraja B L | ||
| 245 | 0 | _aModern Physics | |
| 250 | _a14th | ||
| 260 |
_c1989 _bS Chand,New Delhi |
||
| 500 | _aX_rays | ||
| 650 |
_aPhysics _bPhysics |
||
| 942 | _cBK | ||
| 999 |
_c247237 _d247237 |
||